000 00668nam a2200169 a 4500
001 000038750
005 20201002031345.0
008 130419s1998 dr 000 1 spa d
040 _aDO-SdBNP
_bspa
_cBNPHU
245 0 0 _aLas reformas de la administración financiera.
260 _aSanto Domingo :
_bComisión Presidencial para la Reforma y Modernización del Estado,
_c1998.
300 _a51 p. ;
_c21 cm.
490 1 _aConversatorio de la Reforma
_v5
500 _aConversatorio, 26 de abril. del 1998
710 2 _aComisión Presidencial para la Reforma y Modernización del Estado, (República Dominicana)
_952762
830 0 _aConversatorio de la Reforma
_v5
_965049
999 _c38240
_d38240